Guess The Minecraft Mob - Statistics

General Stats
  • This quiz has been taken 25 times
    12 since last reset
  • The average score is 8 of 12
Answer Stats
Clue Mob % Correct
Run away! The bomb is ticking Creeper
91%
Undead From The Water Drowned
91%
I wish I could fly up in the sky but all I do is go cluck cluck cluck Chicken
82%
My job is to protect the villagers Iron Golem
82%
That's a big slimy booger over there Slime
82%
Wicked Witch
82%
Um.. Is that a drag- Ender Dragon
73%
Who took all my blocks? Enderman
73%
Baaaaaa!! Sheep
73%
Excellent Archery! Backup Crawls... Spider Jockey
45%
Please tell me this is just black paint Squid
27%
I believe I can fly! Pig
18%
No matching quizzes found
Score Distribution
Percent of People with Each Score
Percentile by Number Answered
Your Score History
You have not taken this quiz since the last reset